Womens Hats From the Sears Catalog Quiz Stats

 Plays Quiz not verified by Sporcle

Score 0/10 Timer 03:00
1 Play Today
% Correct
1980s
97.2%
1900s
85.3%
1960s
85.1%
1940s
72.5%
1950s
69.8%
1910s
67.6%
1970s
62.8%
1930s
61.4%
1920s
51.5%
1890s
48.6%

You're not logged in!

Compare scores with friends on all Sporcle quizzes.
OR
Log In

Sporcle TV

Today on Sporcle TV


Watch our educational content, quiz creation guides, and fun videos on Sporcle TV.

Show Comments

Extras

Top Quizzes Today


Score Distribution

Your Account Isn't Verified!

In order to create a playlist on Sporcle, you need to verify the email address you used during registration. Go to your Sporcle Settings to finish the process.

Report this User

Report this user for behavior that violates our Community Guidelines.

Details: